Odborné texty ve francouzském jazyce /

Hlavní autor: Radimská, Jitka, 1948-
Jazyk: Čeština
Vydáno: České Budějovice : Krajský pedagogický ústav, 1983
Edice: Studijní materiály
Témata:
Fyzický popis: 20 s.
Knihy
Uloženo v:
LEADER 00732nam a22002052a 4500
001 000036673
003 CZ BrMZK
005 20030714092916.0
008 010907m19839999xr f cze d
040 |a BOA001  |b cze 
100 1 |a Radimská, Jitka,  |d 1948-  |7 xx0000882 
245 1 0 |a Odborné texty ve francouzském jazyce /  |c Jitka Radimská. 
260 |a České Budějovice :  |b Krajský pedagogický ústav,  |c 1983 
300 |a 20 s. 
490 1 |a Studijní materiály 
830 0 |a Studijní materiály 
910 |a BOA001  |b PK-N-0023.304 
964 |a Francouzština - práce s textem - listy metodické - školy střední 
990 |a BK 
996 7 |b 3119998268  |c PK-N-0023.304  |l MZK  |r Sklad / do 1 hodiny  |n 2  |w 000036673  |u 000010  |a 1  |e BOA001  |j MZK50  |s A